Who'sWho in America 1997

Zapisane w:
Opis bibliograficzny
Format: Książka
Język:Undetermined
Wydane: New Providence 1997
Hasła przedmiotowe:
Etykiety: Dodaj etykietę
Nie ma etykietki, Dołącz pierwszą etykiete!
Thư viện lưu trữ: Trung tâm Học liệu Trường Đại học Cần Thơ
LEADER 00472nam a2200169Ia 4500
001 CTU_104726
008 210402s9999 xx 000 0 und d
020 |c 32.69 
082 |a 920 
082 |b W628/Vol.1 
245 0 |a Who'sWho in America 1997 
260 |a New Providence 
260 |c 1997 
650 |a Celebrities,Danh nhân thế giới 
650 |x Biography,Tiểu sử 
904 |i Tuyến 
980 |a Trung tâm Học liệu Trường Đại học Cần Thơ